[Event "Bezirksliga Oberbayern 1819"]
[Site "Bayern"]
[Date "2018.10.21"]
[Round "1.5"]
[White "Baier, Herbert"]
[Black "Reith, Hubert"]
[Result "1/2-1/2"]
[WhiteElo "1895"]
[BlackElo "1835"]
[PlyCount "30"]
[EventDate "2018.10.21"]
[EventType "team-tourn"]
[EventRounds "9"]
[EventCountry "GER"]
[SourceTitle "EXT 2022"]
[Source "ChessBase"]
[SourceDate "2021.10.06"]
[SourceVersion "1"]
[SourceVersionDate "2021.10.06"]
[SourceQuality "1"]
[WhiteTeam "Fuerstenfeldbruck TuS"]
[BlackTeam "Moosburg SC"]
[WhiteTeamCountry "GER"]
[BlackTeamCountry "GER"]

1. e4 c6 2. d4 d5 3. exd5 cxd5 4. Bd3 Nc6 5. c3 Qc7 6. Ne2 Bg4 7. f3 Bh5 8. Bf4 Qd7 9. Bb5 e6 10. Qa4 Bd6 11. Bxd6 Qxd6 12. Qa3 Qxa3 13. Nxa3 Nge7 14. Nf4 Bg6 15. Nxg6 Nxg6 1/2-1/2

[Event "Oberbayern Bezirksliga 1617"]
[Site "Germany"]
[Date "2017.02.05"]
[Round "5.7"]
[White "Baron, Marek"]
[Black "Reith, Hubert"]
[Result "1/2-1/2"]
[WhiteElo "1906"]
[BlackElo "1880"]
[PlyCount "62"]
[EventDate "2016.10.16"]
[EventType "team-tourn"]
[EventRounds "9"]
[EventCountry "GER"]
[SourceTitle "EXT 2019"]
[Source "ChessBase"]
[SourceDate "2018.10.10"]
[SourceVersion "1"]
[SourceVersionDate "2018.10.10"]
[SourceQuality "1"]
[WhiteTeam "Waldkraiburg"]
[BlackTeam "Moosburg SC"]
[WhiteTeamCountry "GER"]
[BlackTeamCountry "GER"]

1. Nf3 Nf6 2. d4 c5 3. e3 e6 4. c3 b6 5. Be2 Bb7 6. 0-0 d6 7. Nbd2 Nbd7 8. b3 Be7 9. Bb2 0-0 10. c4 Qc7 11. Qc2 Rfe8 12. Rfd1 Rad8 13. Ne1 d5 14. dxc5 bxc5 15. cxd5 exd5 16. Ndf3 Bd6 17. h3 Ne4 18. Bd3 Ndf6 19. Rac1 Qe7 20. Bb5 Rf8 21. Bd3 Rc8 22. Qe2 Rfe8 23. Bb5 Red8 24. Nd2 Be5 25. Nxe4 Nxe4 26. Bxe5 Qxe5 27. Nf3 Qf6 28. Qe1 Qb2 29. Qe2 Qf6 30. Qe1 Qb2 31. Qe2 Qf6 1/2-1/2